Diccionario heráldico y nobiliario de los reinos de España / (Record no. 74179)

MARC details
000 -LEADER
campo de control de longitud fija 00698nam a2200205 i 4500
001 - NÚMERO DE CONTROL
campo de control 74179
003 - IDENTIFICADOR DE NÚMERO DE CONTROL
campo de control ES-MaACL
005 - FECHA Y HORA DE LA ÚLTIMA TRANSACCIÓN
campo de control 20230906172037.0
007 - CAMPO FIJO DE DESCRIPCIÓN FÍSICA--INFORMACIÓN GENERAL
campo de control de longitud fija t|
008 - DATOS DE LONGITUD FIJA--INFORMACIÓN GENERAL
campo de control de longitud fija 040916s1987 sp ||||1| spa d
020 ## - NÚMERO INTERNACIONAL ESTÁNDAR DEL LIBRO
Número Internacional Estándar del Libro 84-86832-00-4
100 1# - ENTRADA PRINCIPAL--NOMBRE DE PERSONA
Nombre de persona González-Doria, Fernando.
9 (RLIN) 58605
245 10 - MENCIÓN DEL TÍTULO
Título Diccionario heráldico y nobiliario de los reinos de España /
Mención de responsabilidad, etc. Fernando González-Doria.
260 ## - PUBLICACIÓN, DISTRIBUCIÓN, ETC.
Lugar de publicación, distribución, etc. San Fernando de Henares, Madrid :
Nombre del editor, distribuidor, etc. Bitácora,
Fecha de publicación, distribución, etc. [1987]
300 ## - DESCRIPCIÓN FÍSICA
Extensión 886 p. :
Otras características físicas il. ;
Dimensiones 30 cm.
504 ## - NOTA DE BIBLIOGRAFÍA, ETC.
Nota de bibliografía, etc. Bibliografía.
650 #4 - PUNTO DE ACCESO ADICIONAL DE MATERIA--TÉRMINO DE MATERIA
Término de materia o nombre geográfico como elemento de entrada Heráldica-
Subdivisión geográfica España-
Subdivisión de forma Diccionarios.
9 (RLIN) 148959
650 #4 - PUNTO DE ACCESO ADICIONAL DE MATERIA--TÉRMINO DE MATERIA
Término de materia o nombre geográfico como elemento de entrada Títulos nobiliarios-
Subdivisión geográfica España-
Subdivisión de forma Diccionarios.
9 (RLIN) 157590
852 ## - LOCALIZACIÓN
Ubicación ES-MaACL
Número de control de estantería B-287
Sublocalización o colección R.115035
Holdings
Estatus retirado Estado de pérdida Estado de daño No para préstamo Colección Biblioteca de origen Biblioteca actual Ubicación en estantería Fecha de adquisición Fuente de adquisición Total de préstamos Signatura topográfica completa Código de barras Visto por última vez Precio de reemplazo Tipo de ítem Koha
        Colección de referencia Biblioteca del Ateneo de Madrid Biblioteca del Ateneo de Madrid Sala Pardo Bazán 17/01/2008     B-287 1077649 23/02/2023 23/02/2023 Libro impreso